|
|
|
|
| LEADER |
00000nam0a2200000 4500 |
| 001 |
232209 |
| 005 |
20240827063211.0 |
| 035 |
|
|
|a (RuTPU)RU\TPU\book\253243
|
| 090 |
|
|
|a 232209
|
| 100 |
|
|
|a 20130211d1938 k y0rusy50 ca
|
| 101 |
0 |
|
|a rus
|
| 102 |
|
|
|a RU
|
| 105 |
|
|
|a y z 010zy
|
| 200 |
1 |
|
|a Список трудов академика Владимира Афанасьевича Обручева. 1887-1938
|e [оттиск]
|f Академия наук СССР (АН СССР) ; гл. ред. А. Д. Архангельский
|
| 210 |
|
|
|a Москва
|a Ленинград
|c Изд-во АН СССР
|d 1938
|
| 215 |
|
|
|a 22 с.
|
| 300 |
|
|
|a Из сборника "Академику В. А. Обручеву к пятидесятилетию научной и педагогической деятельности", т. 1, 1938 г.
|
| 316 |
|
|
|5 63413507: КР-1108
|a С автографом автора
|
| 317 |
|
|
|5 63413507: КР-1108
|a Поступила в НТБ в 2004 г. в составе книжного собрания профессора ТПИ К. В. Радугина
|
| 422 |
|
1 |
|0 (RuTPU)RU\TPU\book\251673
|t Академику В. А. Обручеву к пятидесятилетию научной и педагогической деятельности
|o в 2 т.
|o [сборник]
|f Академия наук СССР (АН СССР) ; гл. ред. А. Д. Архангельский
|c Москва
|c Ленинград
|n Изд-во АН СССР
|d 1938-1939
|
| 600 |
|
1 |
|a Обручев
|b В. А.
|c российский геолог
|c профессор Томского технологического института
|c исследователь Сибири, Центральной и Средней Азии
|c географ
|f 1863-1956
|g Владимир Афанасьевич
|y Томск
|7 ca
|8 rus
|2 stltpush
|3 (RuTPU)RU\TPU\pers\996
|9 441
|
| 606 |
1 |
|
|a Геологи
|x Персоналии
|2 stltpush
|3 (RuTPU)RU\TPU\subj\67544
|9 83301
|
| 610 |
1 |
|
|a геологи
|
| 610 |
1 |
|
|a персоналии
|
| 610 |
1 |
|
|a научная деятельность
|
| 610 |
1 |
|
|a педагогическая деятельность
|
| 610 |
1 |
|
|a труды
|
| 610 |
1 |
|
|a списки
|
| 610 |
1 |
|
|a библиотека К. В. Радугина
|
| 610 |
1 |
|
|a коллекция В. А. Обручева
|
| 675 |
|
|
|a 55(092)
|v 3
|
| 702 |
|
1 |
|a Архангельский
|b А. Д.
|c российский геолог
|f 1879-1940
|g Андрей Дмитриевич
|2 stltpush
|3 (RuTPU)RU\TPU\pers\11466
|4 651
|9 2660
|
| 712 |
0 |
2 |
|a Академия наук СССР (АН СССР)
|2 stltpush
|3 (RuTPU)RU\TPU\col\722
|
| 801 |
|
1 |
|a RU
|b 63413507
|c 20130211
|
| 801 |
|
2 |
|a RU
|b 63413507
|c 20181207
|g RCR
|
| 942 |
|
|
|c BK
|